000
00224nam a2200097Ia 4500
008
230508s1992 xx 000 0 und d
041
_a
eng
100
_a
MAHAJAN D M
245
_a
ELEMENTS OF BUILDING DRAWING
260
_c
1992
999
_c
314281
_d
314281